[Event "Bratislava Centenary Championship"]
[Site "Bratislava"]
[Date "2019.05.12"]
[Round "4.2"]
[White "Bochnicka, Vladimir"]
[Black "Kralovic, Andrej"]
[Result "1/2-1/2"]
[WhiteElo "2108"]
[BlackElo "2253"]
[Annotator "NA"]
[PlyCount "89"]
[EventDate "2019.05.10"]
[EventType "tourn"]
[EventCountry "SVK"]
[SourceTitle "playchess.com"]
[Source "ChessBase"]
[SourceQuality "1"]
[TimeControl "40/5400+30:1800+30"]

1. e4 {[%emt 0:00:00]} e5 {[%emt 0:00:00]} 2. Nf3 {[%emt 0:00:00]} Nc6 {[%emt 0:00:07]} 3. Bc4 {[%emt 0:00:00]} Bc5 {[%emt 0:00:31]} 4. c3 {[%emt 0:00:00]} Nf6 {[%emt 0:00:25]} 5. d3 {[%emt 0:00:04]} d6 {[%emt 0:00:49]} 6. O-O {[%emt 0:00:09]} a6 {[%emt 0:02:52]} 7. Nbd2 {[%emt 0:00:09]} Ba7 {[%emt 0:00:18]} 8. Bb3 {[%emt 0:00:14]} O-O {[%emt 0:01:49]} 9. h3 {[%emt 0:00:10]} Nh5 $14 {[%emt 0:06:29]} 10. Nxe5 {[%emt 0:15:04]} Nxe5 {[%emt 0:02:06]} 11. Qxh5 {[%emt 0:00:09]} Nxd3 {[%emt 0:00:30]} 12. Nf3 {[%emt 0:02:06]} Qf6 {[%emt 0:15:48]} 13. Bg5 {[%emt 0:12:09]} Qg6 {[%emt 0:10:02]} 14. Qxg6 {[%emt 0:00:57]} hxg6 {[%emt 0:00:09]} 15. Rad1 {[%emt 0:00:13]} Nc5 {[%emt 0:00:33]} 16. Bc2 {[%emt 0:00:23]} Be6 {[%emt 0:03:06]} 17. Nd4 {[%emt 0:03:11]} Bc4 {[%emt 0:04:40]} 18. Rfe1 {[%emt 0:00:08]} f6 {[%emt 0:00:23]} 19. Be3 {[%emt 0:01:46]} Rfe8 {[%emt 0:02:19]} 20. f3 {[%emt 0:01:02]} Re7 {[%emt 0:06:47]} 21. Nb3 {[%emt 0:14:47]} Nxb3 {[%emt 0:03:30]} 22. Bxb3 {[%emt 0:00:24]} Bxb3 {[%emt 0:02:21]} 23. axb3 {[%emt 0:00:04]} Bxe3+ {[%emt 0:01:24]} 24. Rxe3 {[%emt 0:00:02]} Kf7 {[%emt 0:06:37]} 25. Kf2 {[%emt 0:00:49]} Rae8 {[%emt 0:00:23]} 26. Rde1 {[%emt 0:01:13]} Re5 {[%emt 0:00:26]} 27. Ke2 {[%emt 0:08:51]} Rg5 {[%emt 0:02:10]} 28. Rg1 {[%emt 0:00:30]} Rh8 {[%emt 0:00:58]} 29. f4 {[%emt 0:00:15]} Rb5 {[%emt 0:00:43]} 30. c4 {[%emt 0:00:28]} Ra5 {[%emt 0:04:06]} 31. Kd3 {[%emt 0:00:30]} g5 {[%emt 0:07:48]} 32. b4 {[%emt 0:10:09]} gxf4 {[%emt 0:00:36]} 33. bxa5 {[%emt 0:00:10]} fxe3 {[%emt 0:00:11]} 34. Kxe3 {[%emt 0:00:01]} Ke6 {[%emt 0:01:30]} 35. Rd1 {[%emt 0:02:12]} Rb8 {[%emt 0:07:27]} 36. Rd3 {[%emt 0:02:31]} b5 {[%emt 0:03:59]} 37. Rb3 {[%emt 0:02:14]} c5 {[%emt 0:00:45]} 38. cxb5 {[%emt 0:06:28]} axb5 {[%emt 0:00:24]} 39. Ra3 {[%emt 0:00:14]} Ra8 {[%emt 0:01:34]} 40. a6 {[%emt 0:00:06]} Ra7 {[%emt 0:01:00]} 41. Ra5 {[%emt 0:30:39]} b4 {[%emt 0:31:31]} 42. Kd3 {[%emt 0:01:28]} Kd7 {[%emt 0:01:16]} 43. Kc4 {[%emt 0:01:57]} Kc6 {[%emt 0:00:25]} 44. Ra1 {[%emt 0:00:18]} Kb6 {[%emt 0:00:00]} 45. Rd1 {[%emt 0:00:00]} 1/2-1/2

[Event "Bratislava Centenary Championship"]
[Site "Bratislava"]
[Date "2019.05.12"]
[Round "4.3"]
[White "Janos, Martin"]
[Black "Oprea, Erik"]
[Result "1/2-1/2"]
[WhiteElo "2163"]
[BlackElo "2127"]
[Annotator "NA"]
[PlyCount "89"]
[EventDate "2019.05.10"]
[EventType "tourn"]
[EventCountry "SVK"]
[SourceTitle "playchess.com"]
[Source "ChessBase"]
[SourceQuality "1"]
[TimeControl "40/5400+30:1800+30"]

1. e4 {[%emt 0:04:15]} e6 {[%emt 0:00:00]} 2. d4 {[%emt 0:00:40]} d5 {[%emt 0:00:00]} 3. Nd2 {[%emt 0:00:10]} Nf6 {[%emt 0:00:04]} 4. e5 {[%emt 0:00:26]} Nfd7 {[%emt 0:00:09]} 5. Bd3 {[%emt 0:00:53]} c5 {[%emt 0:00:19]} 6. c3 {[%emt 0:01:04]} Nc6 {[%emt 0:00:17]} 7. Ne2 {[%emt 0:00:30]} Be7 {[%emt 0:00:45]} 8. Nf3 {[%emt 0:00:31]} Rb8 {[%emt 0:01:34]} 9. a3 {[%emt 0:02:08]} c4 {[%emt 0:01:23]} 10. Bc2 {[%emt 0:01:05]} b5 {[%emt 0:00:22]} 11. Nf4 {[%emt 0:01:12]} g6 {[%emt 0:02:36]} 12. h4 {[%emt 0:00:19]} a5 {[%emt 0:02:37] [#]} 13. Ng5 $16 {[%emt 0:01:00]} Nf8 {[%emt 0:06:44]} 14. Qf3 {[%emt 0:03:51]} Bxg5 {[%emt 0:02:12]} 15. hxg5 {[%emt 0:00:10]} Bb7 {[%emt 0:05:02]} 16. Qg4 {[%emt 0:03:26]} Ke7 {[%emt 0:06:24]} 17. Ne2 {[%emt 0:01:34]} Nd7 {[%emt 0:00:51]} 18. f4 {[%emt 0:01:43]} Qf8 {[%emt 0:01:44]} 19. Be3 {[%emt 0:07:35]} Kd8 {[%emt 0:00:16]} 20. Qh4 {[%emt 0:01:14]} Kc7 {[%emt 0:00:51]} 21. g4 {[%emt 0:00:52]} Ra8 {[%emt 0:06:46]} 22. f5 {[%emt 0:01:27]} exf5 {[%emt 0:00:49]} 23. gxf5 {[%emt 0:00:18]} Qe8 {[%emt 0:02:59]} 24. Kd2 {[%emt 0:02:35]} gxf5 {[%emt 0:02:48]} 25. Rhf1 {[%emt 0:07:11]} Ne7 {[%emt 0:00:31]} 26. Qh2 {[%emt 0:00:43]} Kb6 {[%emt 0:01:11]} 27. Ng3 {[%emt 0:00:37]} Nf8 {[%emt 0:01:28]} 28. Bxf5 {[%emt 0:04:59]} Ra6 {[%emt 0:07:54]} 29. Bc2 {[%emt 0:02:29]} Ka7 {[%emt 0:00:41]} 30. Rf2 {[%emt 0:02:06]} Bc8 {[%emt 0:00:20]} 31. Nh5 {[%emt 0:01:58]} Be6 {[%emt 0:05:53]} 32. Raf1 {[%emt 0:01:26]} Nfg6 {[%emt 0:06:40]} 33. Ng7 {[%emt 0:00:51]} Qg8 {[%emt 0:02:35]} 34. Nxe6 {[%emt 0:01:05]} fxe6 {[%emt 0:00:15]} 35. Rf7 {[%emt 0:00:25]} Ka8 {[%emt 0:04:39]} 36. R1f6 {[%emt 0:00:14]} b4 {[%emt 0:02:53]} 37. Qh3 {[%emt 0:07:49]} bxc3+ {[%emt 0:00:16]} 38. bxc3 {[%emt 0:00:01]} Rb6 {[%emt 0:01:15]} 39. Rxe6 {[%emt 0:00:31]} Qc8 {[%emt 0:00:46]} 40. Bf5 {[%emt 0:04:52]} Rb2+ {[%emt 0:13:28]} 41. Ke1 {[%emt 0:31:43]} Nxf5 {[%emt 0:37:17]} 42. Qxf5 {[%emt 0:02:23]} Nh4 {[%emt 0:01:19]} 43. Qf6 {[%emt 0:03:48]} Ng2+ {[%emt 0:00:19]} 44. Kf1 {[%emt 0:00:35]} Nxe3+ {[%emt 0:00:08]} 45. Ke1 1/2-1/2

[Event "Bratislava Centenary Championship"]
[Site "Bratislava"]
[Date "2019.05.12"]
[Round "4.4"]
[White "Franzen, Jozef"]
[Black "Schwarz, Dusan"]
[Result "1/2-1/2"]
[WhiteElo "2229"]
[BlackElo "2326"]
[Annotator "NA"]
[PlyCount "124"]
[EventDate "2019.05.10"]
[EventType "tourn"]
[EventCountry "SVK"]
[SourceTitle "playchess.com"]
[Source "ChessBase"]
[SourceQuality "1"]
[TimeControl "40/5400+30:1800+30"]

1. e4 {[%emt 0:00:00]} c5 {[%emt 0:00:00]} 2. Nf3 {[%emt 0:00:00]} d6 {[%emt 0:00:00]} 3. Bb5+ {[%emt 0:00:00]} Nd7 {[%emt 0:00:23]} 4. d4 {[%emt 0:00:07]} cxd4 {[%emt 0:03:53]} 5. Qxd4 {[%emt 0:00:53]} a6 {[%emt 0:01:14]} 6. Bxd7+ {[%emt 0:00:45]} Bxd7 {[%emt 0:00:09]} 7. O-O {[%emt 0:00:20]} e5 {[%emt 0:01:54]} 8. Qd3 {[%emt 0:00:26]} h6 {[%emt 0:00:29]} 9. c4 {[%emt 0:01:08] B51: Sicilian: Moscow Variation (3 Bb5+) without 3...Bd7} (9. a4 Nf6 10. a5 Be7 11. c4 b5 12. axb6 Qxb6 13. Nc3 O-O 14. Be3 Qb7 15. h3 Rfc8 16. Nd2 Be6 17. Rfb1 a5 18. b3 Ra6 19. Ra2 Bd7 20. Rba1 {½-½ (20) Wang,H (2730)-Nepomniachtchi,I (2763) St Petersburg 2018}) 9... Nf6 {[%emt 0:03:45]} 10. Nc3 {[%emt 0:00:10]} Rc8 {[%emt 0:01:08]} 11. b3 {[%emt 0:00:54]} Be7 {[%emt 0:05:00]} (11... b5 $5) 12. Rd1 {[%emt 0:02:46]} O-O {[%emt 0:03:35]} 13. a4 {[%emt 0:01:54]} Qa5 {[%emt 0:02:13]} 14. Bd2 {[%emt 0:02:25]} Qc7 {[%emt 0:00:24] [#]} 15. a5 $146 {[%emt 0:02:43]} ({Predecessor:} 15. Be3 Qa5 16. Ne1 Qb4 17. Nc2 Qxb3 18. Na3 Nxe4 {1-0 (42) Idani,P (2508)-Indjic,A (2538) Yerevan 2014}) 15... Be6 {[%emt 0:06:54]} 16. Rdc1 {[%emt 0:04:19]} Nd7 {[%emt 0:05:06]} 17. Nd5 {[%emt 0:06:31]} Qd8 {[%emt 0:00:41]} 18. Bb4 {[%emt 0:18:17]} Nc5 {[%emt 0:02:34]} 19. Bxc5 {[%emt 0:00:46]} Rxc5 {[%emt 0:02:37]} 20. b4 {[%emt 0:00:12]} Rc6 {[%emt 0:00:59]} 21. Rc3 {[%emt 0:08:15]} f5 {[%emt 0:01:40]} 22. exf5 {[%emt 0:04:15]} Bxf5 {[%emt 0:00:56]} 23. Qe3 {[%emt 0:00:14]} Bg4 {[%emt 0:19:44]} 24. Qe4 {[%emt 0:00:30]} Bf5 {[%emt 0:03:45]} 25. Qe3 {[%emt 0:00:15]} Bf6 {[%emt 0:00:54]} 26. Rac1 {[%emt 0:02:40]} Bg4 {[%emt 0:02:17]} 27. Nxf6+ {[%emt 0:06:53]} Qxf6 {[%emt 0:03:03]} 28. Nd2 {[%emt 0:00:11]} Qf4 {[%emt 0:03:57]} 29. Ne4 {[%emt 0:06:14]} Qxe3 {[%emt 0:03:18]} 30. Rxe3 {[%emt 0:00:57]} Bf5 {[%emt 0:00:19]} 31. f3 {[%emt 0:04:03]} Bxe4 {[%emt 0:05:36]} 32. fxe4 {[%emt 0:01:25]} Rf7 {[%emt 0:06:08]} 33. Rf3 {[%emt 0:02:57]} Rxf3 {[%emt 0:00:50]} 34. gxf3 {[%emt 0:00:02]} Kf7 {[%emt 0:00:31]} 35. Kf2 {[%emt 0:00:06]} Ke6 {[%emt 0:00:21]} 36. Ke3 {[%emt 0:00:18]} Rc7 {[%emt 0:00:56]} 37. Kd3 {[%emt 0:00:14]} Rf7 {[%emt 0:00:32]} 38. Ke3 {[%emt 0:00:25]} g5 {[%emt 0:01:42]} 39. Rb1 {[%emt 0:01:29]} Rc7 {[%emt 0:01:12]} 40. Kd3 {[%emt 0:00:11]} Kf6 {[%emt 0:04:41]} 41. b5 {[%emt 0:31:55]} Rc5 {[%emt 0:32:48]} 42. bxa6 {[%emt 0:00:11]} bxa6 {[%emt 0:00:05]} 43. Rb6 {[%emt 0:00:06]} Rxa5 {[%emt 0:00:30]} 44. Rxd6+ {[%emt 0:00:08]} Ke7 {[%emt 0:00:00]} 45. Rxh6 {[%emt 0:00:00]} Ra3+ {[%emt 0:00:00]} 46. Ke2 {[%emt 0:00:00]} Ra2+ {[%emt 0:00:00]} 47. Ke3 {[%emt 0:00:00]} a5 {[%emt 0:00:00]} 48. Ra6 {[%emt 0:00:00]} a4 {[%emt 0:00:00]} 49. c5 {[%emt 0:00:00]} a3 {[%emt 0:00:00]} 50. Kd3 {[%emt 0:00:00]} Rf2 {[%emt 0:00:00]} 51. Kc4 {[%emt 0:00:00]} Rxf3 {[%emt 0:00:00]} 52. Kd5 {[%emt 0:00:00]} g4 {[%emt 0:00:00]} 53. Kxe5 {[%emt 0:00:00]} Kd7 {[%emt 0:00:00]} 54. Kd5 {[%emt 0:00:00]} Rd3+ {[%emt 0:00:00]} 55. Kc4 {[%emt 0:00:00]} Rh3 {[%emt 0:00:00]} 56. e5 $11 {[%emt 0:00:00]} Rxh2 {[%emt 0:00:00]} 57. Rxa3 {[%emt 0:00:00]} Ke6 {[%emt 0:00:00]} 58. Kd4 {[%emt 0:00:00]} Rd2+ {[%emt 0:00:19]} 59. Ke4 {[%emt 0:00:00]} Re2+ {[%emt 0:00:17]} 60. Kf4 {[%emt 0:00:00]} Rf2+ {[%emt 0:00:24]} 61. Kxg4 {[%emt 0:00:00]} Kxe5 {[%emt 0:00:22]} 62. Rc3 {[%emt 0:00:00]} Rf7 {[%emt 0:00:23]} 1/2-1/2

[Event "Bratislava Centenary Championship"]
[Site "Bratislava"]
[Date "2019.05.12"]
[Round "4.5"]
[White "Kolman, Richard"]
[Black "Kostolansky, Sebastian Lukas"]
[Result "0-1"]
[WhiteElo "1995"]
[BlackElo "2323"]
[Annotator "NA"]
[PlyCount "70"]
[EventDate "2019.05.10"]
[EventType "tourn"]
[EventCountry "SVK"]
[SourceTitle "playchess.com"]
[Source "ChessBase"]
[SourceQuality "1"]
[TimeControl "40/5400+30:1800+30"]

1. d4 {[%emt 0:00:00]} Nf6 {[%emt 0:00:00]} 2. c4 {[%emt 0:00:02]} g6 {[%emt 0:00:38]} 3. Nc3 {[%emt 0:00:14]} Bg7 {[%emt 0:00:05]} 4. e4 {[%emt 0:00:16]} d6 {[%emt 0:00:06]} 5. h3 {[%emt 0:00:22]} O-O {[%emt 0:00:25]} 6. Be3 {[%emt 0:00:47]} Nc6 {[%emt 0:07:19] E71: King's Indian: 4 e4 d6 5 h3} (6... e5 7. d5 a5 8. g4 Na6 9. Nge2 Nd7 10. Qd2 Ndc5 11. Ng3 c6 12. Be2 cxd5 13. cxd5 a4 14. h4 Bd7 15. h5 Rc8 {0-1 (39) Caruana,F (2832)-Nakamura,H (2746) London 2018}) 7. d5 {[%emt 0:05:22]} Nb4 {[%emt 0:00:15]} 8. g4 $146 {[%emt 0:04:57]} ({Predecessor:} 8. a3 Na6 9. Bd3 e6 10. Nge2 Nc5 11. Bc2 exd5 12. cxd5 Re8 13. f3 Nh5 14. g4 {1-0 (36) Jones,G (2660)-Maze,S (2614) Porticcio 2017}) 8... c5 {[%emt 0:14:04]} 9. a3 {[%emt 0:05:58]} Na6 {[%emt 0:00:13]} 10. Nge2 {[%emt 0:00:27]} e6 {[%emt 0:06:58]} 11. Ng3 {[%emt 0:01:00]} exd5 {[%emt 0:03:53]} 12. cxd5 {[%emt 0:00:58]} Re8 {[%emt 0:04:31]} 13. Be2 {[%emt 0:01:42]} Nc7 {[%emt 0:04:51]} 14. h4 {[%emt 0:10:44]} b5 {[%emt 0:03:44]} 15. g5 {[%emt 0:07:47]} Nd7 {[%emt 0:00:26]} 16. Qd2 {[%emt 0:06:06]} Rb8 {[%emt 0:18:25]} 17. Nd1 {[%emt 0:23:51]} Nb6 {[%emt 0:05:33]} 18. Rc1 {[%emt 0:05:31]} Nc4 {[%emt 0:01:32]} 19. Bxc4 {[%emt 0:00:15]} bxc4 {[%emt 0:00:05]} 20. h5 {[%emt 0:07:01]} Bg4 {[%emt 0:04:55]} 21. hxg6 {[%emt 0:00:59]} fxg6 {[%emt 0:05:33]} 22. Rxc4 {[%emt 0:03:03]} Bxd1 {[%emt 0:00:55]} 23. Qxd1 {[%emt 0:00:16]} Rxb2 {[%emt 0:00:10]} 24. Qg4 {[%emt 0:04:08]} Rb1+ {[%emt 0:00:47]} 25. Rc1 {[%emt 0:00:16]} Rxc1+ {[%emt 0:01:53]} (25... Bc3+ $17 26. Kf1 Rb3) 26. Bxc1 {[%emt 0:00:07]} Qe7 {[%emt 0:05:10]} 27. Kf1 {[%emt 0:00:27]} Nb5 {[%emt 0:02:49]} 28. f3 {[%emt 0:02:06]} c4 {[%emt 0:00:38]} 29. Ne2 {[%emt 0:00:54]} c3 {[%emt 0:01:55]} 30. Nf4 {[%emt 0:00:35]} Nd4 {[%emt 0:00:44]} 31. Kg2 {[%emt 0:01:06]} c2 {[%emt 0:02:18]} 32. Qh4 {[%emt 0:00:49]} Be5 {[%emt 0:00:27]} 33. Nd3 {[%emt 0:00:35]} Bh8 {[%emt 0:01:15]} 34. Bf4 {[%emt 0:00:31]} Nxf3 {[%emt 0:00:59]} 35. Qh3 {[%emt 0:04:36]} Nxg5 $19 {[%emt 0:01:29]} 0-1

[Event "Bratislava Centenary Championship"]
[Site "Bratislava"]
[Date "2019.05.13"]
[Round "5.2"]
[White "Schwarz, Dusan"]
[Black "Kolman, Richard"]
[Result "1-0"]
[WhiteElo "2326"]
[BlackElo "1995"]
[Annotator "ChessBase"]
[PlyCount "31"]
[EventDate "2019.05.10"]
[EventType "tourn"]
[EventCountry "SVK"]
[SourceTitle "playchess.com"]
[Source "ChessBase"]
[SourceQuality "1"]
[TimeControl "40/5400+30:1800+30"]

1. d4 {[%emt 0:00:00]} d5 {[%emt 0:00:00]} 2. c4 {[%emt 0:00:00]} e6 {[%emt 0:00:00]} 3. Nc3 {[%emt 0:00:00]} c5 {[%emt 0:00:15]} 4. cxd5 {[%emt 0:00:23]} cxd4 {[%emt 0:00:10]} 5. Qa4+ {[%emt 0:01:15]} Bd7 {[%emt 0:00:11]} 6. Qxd4 {[%emt 0:00:15]} exd5 {[%emt 0:00:13]} 7. Qxd5 {[%emt 0:00:49]} Nc6 {[%emt 0:00:11]} 8. Nf3 {[%emt 0:00:48]} Nf6 {[%emt 0:00:16]} 9. Qb3 {[%emt 0:00:47]} Bc5 {[%emt 0:00:24]} 10. Bg5 {[%emt 0:01:05]} Na5 {[%emt 0:10:33]} 11. Qc2 {[%emt 0:02:43]} Qb6 {[%emt 0:02:06]} 12. e3 {[%emt 0:01:51]} O-O-O {[%emt 0:05:13]} 13. Bxf6 {[%emt 0:07:15]} gxf6 {[%emt 0:01:02]} 14. Ne4 {[%emt 0:03:11]} Qb4+ {[%emt 0:01:33]} 15. Nfd2 {[%emt 0:00:21]} b6 {[%emt 0:14:56]} 16. a3 {[%emt 0:00:35]} 1-0

[Event "Bratislava Centenary Championship"]
[Site "Bratislava"]
[Date "2019.05.13"]
[Round "5.3"]
[White "Oprea, Erik"]
[Black "Franzen, Jozef"]
[Result "0-1"]
[WhiteElo "2127"]
[BlackElo "2229"]
[Annotator "TA"]
[PlyCount "52"]
[EventDate "2019.05.10"]
[EventType "tourn"]
[EventCountry "SVK"]
[SourceTitle "playchess.com"]
[Source "ChessBase"]
[SourceQuality "1"]

{[%evp 9,95,17,43,42,42,30,43,23,29,-27,-19,-31,-30,-25,-16,-62,-66,-79,-52,-97,-81,-156,-158,-135,-153,-147,-31,-143,-135,-151,-159,-197,-198,-188,-191,-188,-186,-175,-186,-191,-185,-189,-189,-177,-189,-213,-82,-229,-70,-256,-250,-250,-250,-364,-390,-610,-610,-614,-598,-889,-575,-529,-463,-815,-515,-885,-486,-783,-776,-955,-960,-1094,-1054,-1195,-1178,-1147,-1143,-1696,-1670,-29978,-29979,-29979,-29980,-29995,-29996,-29998,-29999,-29999]} 1. e4 e5 2. Nf3 Nc6 3. Bc4 Nf6 4. d3 h6 5. c3 d6 6. h3 {C55: Two Knights: 4 d3, 4 d4 exd4 5 e5 and Max Lange Attack} (6. O-O g5 7. Re1 Bg7 8. Na3 O-O 9. Bb3 Ne7 10. Nc4 Ng6 11. Ne3 c6 12. h4 Nxh4 13. Nxh4 gxh4 14. Qf3 {1-0 (72) Adams,M (2703)-McShane,L (2664) London 2018}) 6... g6 7. Nbd2 Bg7 8. Bb3 {White is slightly better.} O-O 9. Nf1 ({Better is} 9. a4) 9... d5 $11 10. Qe2 Re8 11. Ng3 a5 $146 {[%cal Ba7a5,Ba5a4,Ba4a3][%mdl 32]} ({Predecessor:} 11... a6 12. Nh2 Be6 {½-½ (57) Vanczak,V (1724)-Miseta,N (1743) Balatonlelle 2016}) 12. Be3 a4 $36 {[%mdl 2048] Black is more active.} 13. Bc2 a3 14. b3 d4 15. cxd4 (15. Bd2 $142) 15... exd4 $17 ({Resist} 15... Nxd4 16. Qd1 $15) 16. Bd2 {[#]} Nd5 $1 {[%mdl 512]} 17. O-O (17. exd5 Rxe2+) 17... Ndb4 (17... b6 $17 {White must now prevent ...Ba6.} 18. Qe1 Nc3) 18. Bxb4 (18. Qd1 $15) 18... Nxb4 19. Qd2 c5 20. Nh2 Qg5 21. Qd1 h5 22. Nf3 Qf4 23. Ne2 Qd6 24. Qd2 Bd7 25. Ne1 Kh7 26. f4 Bc6 {Played: Bg7-h6} 0-1

[Event "Bratislava Centenary Championship"]
[Site "Bratislava"]
[Date "2019.05.13"]
[Round "5.4"]
[White "Kralovic, Andrej"]
[Black "Janos, Martin"]
[Result "1-0"]
[WhiteElo "2253"]
[BlackElo "2163"]
[Annotator "TA"]
[PlyCount "105"]
[EventDate "2019.05.10"]
[EventType "tourn"]
[EventCountry "SVK"]
[SourceTitle "playchess.com"]
[Source "ChessBase"]
[SourceQuality "1"]

{[%evp 9,107,32,32,0,14,0,12,10,2,0,0,-7,13,-29,0,-11,0,-20,-7,-30,-27,-81,-76,-129,-125,-195,-150,-162,-150,-216,-228,-310,-278,-278,-114,-108,-115,-114,-87,-206,-179,-186,-111,-118,-95,-111,-122,-121,-122,-127,-112,-113,-57,-44,-55,-77,197,181,187,202,179,187,296,300,294,300,297,209,201,170,188,188,308,297,296,261,376,254,324,309,322,318,5600,5600,5591,5591,5575,5179,4638,4631,4622,4622,4610,4610,29966,29967,29984,29985,29985,29984]} 1. e4 c5 2. Nf3 Nc6 3. Bb5 Qc7 4. c3 e6 5. O-O a6 6. Ba4 {B30: Sicilian: 2...Nc6 3 Bb5, lines without ...g6} (6. Bxc6 $5 dxc6 7. d4 $14) 6... b5 7. Bc2 Bb7 8. a4 {The position is equal.} b4 9. d3 $146 ({Predecessor:} 9. d4 bxc3 10. d5 Nb4 11. dxe6 dxe6 12. bxc3 Nxc2 13. Qxc2 {½-½ (27) Tauscher,K (2408)-Koenig,U (2449) Remote email 2013}) 9... Be7 10. Re1 d6 11. Nbd2 {[%cal Bb1d2,Bd2c4,Bc4e3][%mdl 32]} Nf6 12. Nc4 d5 13. exd5 Nxd5 14. Ne3 Nf4 15. Qd2 (15. Nc4 $11 {keeps the balance.}) 15... g5 16. d4 (16. Nc4 $142) 16... O-O-O {[%cal Ba8d8,Bd8d5,Bd5h5][%mdl 32] ...cxd4 is the strong threat.} 17. d5 (17. Be4 $17) 17... Nxd5 18. Nxd5 Rxd5 19. Qe3 (19. Qe2 $17 {was the only chance.}) 19... g4 $19 {White must now prevent ...Rh5.} 20. Be4 Rh5 21. g3 Bf6 (21... gxf3 22. Qxf3 Rf5 23. Bxf5 $19) (21... Rd8 $19 22. Nd2 Ne5) 22. Nd2 $17 Ne5 23. Bxb7+ Kxb7 24. f4 (24. cxb4 $17 cxb4 25. Qe4+ Qc6 26. Qxb4+ Ka8 27. Qe4) 24... gxf3 $1 $19 25. Nxf3 Ka7 ({Black should play} 25... Qc6 $19 26. Nxe5 Rxe5) 26. cxb4 $17 Rg8 27. Nxe5 Rxe5 28. Qf2 {And now Bf4 would win.} Rf5 $1 29. Qg2 Be5 {[%cal Re5g3] Hoping for ...Bxg3!} 30. Ra3 {[%cal Ba1a3,Ba3d3,Bd3d8][%mdl 32]} cxb4 (30... Bd4+ $17 31. Be3 Bxe3+ 32. Raxe3 cxb4) 31. Be3+ $15 Kb8 32. Rd3 {next Rc1 is good for White.} Bxg3 $2 {[%mdl 8192]} (32... Rd8 $17 33. Rxd8+ Qxd8) 33. hxg3 $18 Rxg3 {[#]} 34. Rd8+ $1 {[%mdl 576] Deflection} Qxd8 35. Qxg3+ Qc7 (35... Kb7 {was necessary.} 36. Qg4 Qf6 37. Qxb4+ Ka8 38. Qe4+ Kb8) 36. Qg8+ Kb7 37. Rc1 Qd7 38. Qg4 ({Resist} 38. Qxh7 $6 Qd3 $18) 38... a5 39. Qc4 $40 {[%mdl 128] White is out for blood.} Rd5 40. Kf2 $1 e5 (40... h5 $142 41. Ke2 f5) 41. Qe4 f5 42. Qg2 e4 (42... Kb8 $142) 43. Qg3 Rd2+ {[#]} 44. Ke1 $1 Rd3 ({Wrong is} 44... Rxb2 $2 {[#]} 45. Qe5 $1 $18 {[%mdl 512]}) 45. Qg5 Qxa4 $2 (45... h6 46. Qxh6 Qd6 47. Qg7+ Qd7 48. Qxd7+ Rxd7) 46. Qe7+ Qd7 47. Qc5 {[%csl Ge3][%cal Rc5a7]} Rxe3+ 48. Qxe3 Qd6 49. Qd2 Qg3+ 50. Kd1 {White threatens Qd5+ and mate.} Qb3+ 51. Rc2 Qe6 52. Qd8 {White mates.} f4 53. Kc1 {Played: Qd8-c7} 1-0

[Event "Bratislava Centenary Championship"]
[Site "Bratislava"]
[Date "2019.05.13"]
[Round "5.5"]
[White "Pacher, Milan"]
[Black "Bochnicka, Vladimir"]
[Result "1-0"]
[WhiteElo "2396"]
[BlackElo "2108"]
[Annotator "TA"]
[PlyCount "53"]
[EventDate "2019.05.10"]
[EventType "tourn"]
[EventCountry "SVK"]
[SourceTitle "playchess.com"]
[Source "ChessBase"]
[SourceQuality "1"]

{[%evp 15,63,0,9,28,28,37,38,-12,-7,-2,4,12,17,-60,-62,-53,-52,-58,-57,-55,-18,-21,-33,-39,-58,-38,-44,-56,-1,-87,-16,-19,50,8,119,119,188,183,277,251,337,319,437,436,465,462,430,442,539,523]} 1. d4 d5 2. c4 ({Predecessor:} 2. Nf3 c5 3. c4 dxc4 4. e3 e6 5. Bxc4 {1-0 (31) Muir,A (2326)-Jamieson,I (1982) Glasgow 2014}) 2... dxc4 3. e3 Nf6 4. Bxc4 c5 5. Nf3 e6 6. O-O a6 7. Bb3 b5 8. a4 Bb7 9. axb5 {D27: Queen's Gambit Accepted: Classical main line: 7 e4!? and 7 a4} axb5 10. Rxa8 Bxa8 11. Nc3 $146 {White is slightly better.} (11. Qe2 c4 12. Bc2 Nbd7 13. b3 cxb3 14. Bd3 b4 15. Bb2 Be7 16. e4 O-O {½-½ (27) Mueller,G (2571)-Straka,Z (2584) ICCF email 2016}) 11... c4 12. Bc2 b4 13. Ba4+ Nbd7 14. Nb5 (14. Nb1 $11) 14... Be7 $1 $15 15. Ne5 O-O 16. Nxc4 Nb6 17. Ne5 Bxg2 {[%mdl 64] [#] Decoy} 18. Kxg2 {Bb3 is the strong threat.} Qa8+ 19. Qf3 {And now Bc2 would win.} Qxa4 20. Qc6 Nfd5 {aiming for ...Rc8.} 21. b3 Qa5 ({Black should try} 21... Qa6 $15 22. Nc7 Nxc7 23. Qxc7 Nd5) 22. Nc4 (22. Nd6 $11) 22... Qa8 (22... Nxc4 $17 23. bxc4 Nc3) 23. Qxa8 $11 Nxa8 (23... Rxa8 $11 24. Bd2 f5) 24. e4 Ndc7 {[#]} (24... Nac7 $11 {remains equal.}) 25. Na7 $1 $36 {[%mdl 2048] White is really pushing.} Bf6 (25... f5 $16 {was called for.}) 26. Rd1 Rd8 (26... Na6 $142 27. Bf4 N8c7) 27. Be3 {Played: Na7-c6} 1-0